Choose From Four: Impossible Cubes Quiz Stats

 Plays Quiz Updated Jul 8, 2018

Score 0/12 Timer 08:00
0 Plays Today
Question Answer Wrong Answers
Cube Net 2 b
83.1%
a
7.5%
c
4.1%
d
3.8%
Cube Net 1 d
81.4%
a
6%
b
4.8%
c
7.6%
Cube Net 5 a
67.9%
b
8.1%
c
5.6%
d
6.5%
Cube Net 4 d
65.6%
a
8.8%
b
10.1%
c
7.5%
Cube Net 3 d
63.9%
a
8.6%
b
10%
c
13.4%
Cube Net 6 b
55.3%
a
9.9%
c
7%
d
13.7%
Cube Net 7 d
50.2%
a
7.2%
b
13.8%
c
12.7%
Cube Net 8 c
48.1%
a
6.9%
b
17.1%
d
9.3%
Cube Net 9 b
45.9%
a
11.1%
c
7.5%
d
14.6%
Cube Net 10 d
38.5%
a
16.9%
b
7.6%
c
14.1%
Cube Net 12 d
31.5%
a
13.9%
b
13.4%
c
16.2%
Cube Net 11 a
26.8%
b
20%
c
12.3%
d
16.3%

You're not logged in!

Compare scores with friends on all Sporcle quizzes.
OR
Log In

Sporcle TV

Today on Sporcle TV


Watch our educational content, quiz creation guides, and fun videos on Sporcle TV.

Show Comments

Extras

Top Quizzes Today


Score Distribution

Your Account Isn't Verified!

In order to create a playlist on Sporcle, you need to verify the email address you used during registration. Go to your Sporcle Settings to finish the process.

Report this User

Report this user for behavior that violates our Community Guidelines.

Details: